|
|
|
|
| LEADER |
01114nam a2200313 a 4500 |
| 001 |
3873 |
| 003 |
BD-DhAAL |
| 005 |
20151013092434.0 |
| 008 |
151013s2001 maua 000 0 eng |
| 010 |
|
|
|a 2001615415
|
| 020 |
|
|
|a 0205264794
|
| 020 |
|
|
|a 0205308155
|
| 040 |
|
|
|a DLC
|c DLC
|d DLC
|d BD-DhAAL
|
| 050 |
0 |
0 |
|a HM571
|b .C37 2001
|
| 082 |
0 |
0 |
|a 301/.0285
|2 21
|
| 100 |
1 |
|
|a Carter, Gregg Lee,
|d 1951-
|9 15378
|
| 245 |
1 |
0 |
|a Doing sociology with Student CHIP :
|b data happy! /
|c Gregg Lee Carter.
|
| 246 |
3 |
0 |
|a Data happy!
|
| 250 |
|
|
|a 2nd ed.
|
| 260 |
|
|
|a Boston :
|b Allyn and Bacon,
|c c1998.
|
| 300 |
|
|
|a 285 p. :
|b ill. ;
|c 28 cm. +
|e 1 computer optical disc (4 3/4 in.)
|
| 500 |
|
|
|a Rev. ed. of: Data happy! c1995.
|
| 541 |
|
|
|e 3873
|
| 630 |
0 |
0 |
|a CHIPendale.
|9 15379
|
| 650 |
|
0 |
|a Sociology
|x Research
|x Data processing.
|9 15380
|
| 700 |
1 |
|
|a Carter, Gregg Lee,
|d 1951-
|t Data happy!
|9 15381
|
| 942 |
|
|
|2 ddc
|c BK
|
| 999 |
|
|
|c 35783
|d 35783
|
| 952 |
|
|
|0 0
|1 0
|2 ddc
|4 0
|6 301_000000000000000__0285_CAR
|7 0
|9 56283
|a SCL
|b SCL
|c GEN
|d 2015-10-13
|e Gift: The Asia Foundation
|l 0
|o 301.0285 CAR
|p 3020003873
|r 2015-10-13
|t 1
|w 2015-10-13
|y BK
|